| 000 | 00420 a2200157 4500 | ||
|---|---|---|---|
| 001 | 92134 | ||
| 020 | _a9781613530221 | ||
| 082 | _a623.7348 STI | ||
| 090 |
_c44094 _d44093 |
||
| 100 | _aGeorge W. Stimson; Hough D Griffiths; Chris J Baker and Dave Adamy | ||
| 245 | _aIntroduction to Airborne Radar, 3e | ||
| 250 | _a3 | ||
| 260 |
_aUSA _bScitech _c2014 |
||
| 300 |
_axxv, 745p. _bHb |
||
| 500 | _aReference Book | ||
| 942 |
_aCAE NUST _k623.7348 STI |
||
| 999 |
_c327207 _d327207 |
||